All Country Tripoints from West to East - Statistics

General Stats
  • This quiz has been taken 431 times
  • The average score is 87 of 169
Answer Stats
D (km) Initials Tripoint % Correct
EGH ELS GUA HON
97%
374 BGM BELI GUA MEX
96%
2,498 CEP COL ECU PER
90%
743 BBP BOL BRA PER
87%
1,111 ABU ARG BRA URU
85%
2,818 BBP BOL BRA PAR
85%
745 BCP BRA COL PER
85%
2,659 BCV BRA COL VEN
85%
3,558 BGS BRA GUY SUR
85%
3,039 BGV BRA GUY VEN
85%
2,635 ABP ARG BOL PAR
84%
3,054 ABP ARG BRA PAR
84%
726 BCP BOL CHIL PER
84%
635 ABC ARG BOL CHIL
82%
3,089 BFS BRA FRA SUR
82%
4,641 GGS GUINEA GUINEA-B SEN
79%
277 GMS GUINEA MALI SEN
79%
279 MMS MALI MAURITA SEN
79%
1,613 AMM ALG MALI MAURITA
78%
430 BMN BURK MALI NIGER
78%
2,184 CGL COT GUINEA LIBE
78%
451 GLS GUINEA LIBE SIE
78%
2,089 AMM ALG MAURITA MOR
76%
1,732 BCG BURK COT GHA
76%
269 BCM BURK COT MALI
76%
344 BGT BURK GHA TOG
76%
292 CGM COT GUINEA MALI
76%
827 AMN ALG MALI NIGER
75%
25 AFS AND FRA SPA (E)
75%
3,502 AFS AND FRA SPA (W)
75%
3,374 BFL BELG FRA LUX
75%
69 BGL BELG GER LUX
75%
3,392 BBN BEN BURK NIGER
75%
448 BBT BEN BURK TOG
75%
132 BNN BEN NIGER NIGERIA
75%
75 FGL FRA GER LUX
75%
189 FGS FRA GER SWI
75%
397 FIS FRA ITA SWI
75%
135 BGN BELG GER NET
73%
1,890 ALT ALG LIBY TUN
70%
150 ALS AUSTRI LIE SWI (N)
70%
53 AGS AUSTRI GER SWI
69%
99 AIS AUSTRI ITA SWI
69%
2,363 ALN ALG LIBY NIGER
67%
1,866 ALS AUSTRI LIE SWI (S)
66%
4,952 CEG CAME EQU GAB
64%
3,121 ADR ANG DRC ROC
58%
3,639 AIS AUSTRI ITA SLOVE
58%
757 CGR CAME GAB ROC
58%
250 ACG AUSTRI CZE GER
57%
3,093 CLN CHA LIBY NIGER
57%
1,276 CNN CHA NIGER NIGERIA
57%
4,191 CGP CZE GER POL
57%
2,919 FNS FIN NORW SWE
57%
7,453 AKM ALB KOS MONT
55%
6,529 ANZ ANG NAM ZAM
55%
69 AHS AUSTRI HUN SLOVA
55%
4,360 AHS AUSTRI HUN SLOVE
55%
613 BCM BOS CRO MONT
55%
118 BCS BOS CRO SER
55%
149 BMS BOS MONT SER
55%
1,712 CCC CAME CAR CHA
55%
3,957 CCN CAME CHA NIGERIA
55%
5,103 CPS CZE POL SLOVA
55%
395 HRS HUN ROM SER
55%
364 KMS KOS MONT SER
55%
118 AGM ALB GREE MAC
54%
3,026 AKM ALB KOS MAC
54%
6,911 ADZ ANG DRC ZAM
54%
240 ACS AUSTRI CZE SLOVA
54%
4,947 CCR CAME CAR ROC
54%
4,330 CDR CAR DRC ROC
54%
400 CHS CRO HUN SER
54%
4,903 CHS CRO HUN SLOVE
54%
4,104 HRU HUN ROM UKR
54%
683 HSU HUN SLOVA UKR
54%
164 KMS KOS MAC SER
54%
752 PSU POL SLOVA UKR
54%
272 BPU BELA POL UKR
52%
7,560 BNS BOT NAM S.AFR
52%
676 BMS BUL MAC SER
52%
541 BRS BUL ROM SER
52%
1,128 LPR LIT POL RUS
52%
7,931 BLP BELA LIT POL
51%
4,401 BNZ BOT NAM ZAM
51%
1 BZZ BOT ZAM ZIM
51%
734 BGM BUL GREE MAC
51%
3,360 CLS CHA LIBY SUD
49%
4,817 CCS CAR CHA SUD
46%
1,201 CSS CAR S.SUD SUD
46%
1,479 ELS EGY LIBY SUD
46%
825 BLL BELA LAT LIT
45%
6,589 BGT BUL GREE TURKE
45%
728 MRU MOL ROM UKR (N)
45%
1,576 MZZ MOZ ZAM ZIM
45%
5,672 BLR BELA LAT RUS
43%
641 DTZ DRC TAN ZAM
43%
210 ELR EST LAT RUS
43%
2,152 BSZ BOT S.AFR ZIM
42%
5,823 CDS CAR DRC S.SUD
42%
2,626 FNR FIN NORW RUS
42%
1,931 MTZ MALAW TAN ZAM
42%
1,609 RTU RWA TAN UGA
42%
147 BRT BURU RWA TAN
40%
1,293 DSU DRC S.SUD UGA
40%
511 MMZ MALAW MOZ ZAM
40%
1,189 MRU MOL ROM UKR (S)
40%
2,867 MSZ MOZ S.AFR ZIM
40%
7,967 BDR BURU DRC RWA
39%
339 DRU DRC RWA UGA
39%
3,028 IJS ISR JOR SYR
39%
64 ILS ISR LEB SYR
39%
8,256 BRU BELA RUS UKR
37%
1,441 KTU KEN TAN UGA
37%
185 AAG ARM AZE GEO
36%
1,963 BDT BURU DRC TAN
36%
2,730 DEE DJI ERI ETH
36%
2,115 EES ERI ETH SUD
36%
584 ESS ETH S.SUD SUD
36%
284 IIT IRAN IRAQ TURKE
36%
2,129 IJS IRAQ JOR SYR
36%
576 KSU KEN S.SUD UGA
36%
2,331 MMT MALAW MOZ TAN
36%
8,647 MSS MOZ S.AFR SWA (N)
36%
337 AAI ARM AZE IRAN (E)
34%
289 AAI ARM AZE IRAN (W)
34%
192 AAT ARM AZE TURKE
34%
3,341 AGT ARM GEO TURKE
34%
339 AGR AZE GEO RUS
34%
275 AIT AZE IRAN TURKE
34%
175 DES DJI ETH SOM
34%
3,130 EKS ETH KEN SOM
34%
140 IJS IRAQ JOR SAU
34%
1,083 IKS IRAQ KUW SAU
34%
99 MSS MOZ S.AFR SWA (S)
34%
2,184 OSY OMA SAU YEM
34%
1,876 EKS ETH KEN S.SUD
33%
3,668 IST IRAQ SYR TURKE
33%
1,345 AIP AFG IRAN PAK
31%
639 AIT AFG IRAN TURKM
31%
509 ATU AFG TURKM UZB
31%
2,065 KTU KAZ TURKM UZB
31%
528 OSU OMA SAU UAE
31%
283 ACP AFG CHIN PAK
30%
35 ACT AFG CHIN TAJ
30%
111 ATU AFG TAJ UZB
30%
2,362 CIN CHIN INDI NEP (E)
30%
2,164 CKR CHIN KAZ RUS
30%
239 CKT CHIN KYR TAJ
30%
37 CMR CHIN MONG RUS (W)
30%
627 KKU KAZ KYR UZB
30%
225 KTU KYR TAJ UZB
30%
312 AIT AZE IRAN TURKM
28%
1,549 AKR AZE KAZ RUS
28%
170 AKT AZE KAZ TURKM
28%
647 BBI BAN BURM INDI
28%
274 BCI BHU CHIN INDI (E)
28%
840 BCI BURM CHIN INDI
28%
914 BLT BURM LAO THA
28%
1,335 CIN CHIN INDI NEP (W)
28%
249 CIP CHIN INDI PAK
28%
792 CKK CHIN KAZ KYR
28%
3,988 CMR CHIN MONG RUS (E)
28%
1,350 CNR CHIN NORT RUS
28%
98 BCI BHU CHIN INDI (W)
27%
174 BCL BURM CHIN LAO
27%
949 CLT CAMB LAO THA
27%
254 CLV CAMB LAO VIE
27%
138 CLV CHIN LAO VIE
27%
No matching quizzes found
Score Distribution
Percent of People with Each Score
Percentile by Number Answered
Your Score History
You have not taken this quiz